|
|
|
|
| LEADER |
00764nab a2200205 i 4500 |
| 001 |
acta7602 |
| 005 |
20251209141651.0 |
| 008 |
161015s1987 hu o 000 fre d |
| 022 |
|
|
|a 0238-8308
|
| 040 |
|
|
|a SZTE Egyetemi Kiadványok Repozitórium
|b hun
|
| 041 |
|
|
|a fre
|
| 100 |
1 |
|
|a Landa Robert
|
| 245 |
1 |
0 |
|a Deux courants d'anticolonialisme algérien à la charnière de XIX-XX siècles
|h [elektronikus dokumentum] /
|c Landa Robert
|
| 260 |
|
|
|a Université de Szeged
|b Szeged
|c 1987
|
| 300 |
|
|
|a 11-25
|
| 490 |
0 |
|
|a Mediterrán tanulmányok
|v 1
|
| 650 |
|
4 |
|a Bölcsészettudományok
|
| 650 |
|
4 |
|a Történettudomány és régészet
|
| 695 |
|
|
|a Algéria története - 19-20. sz.
|
| 856 |
4 |
0 |
|u http://acta.bibl.u-szeged.hu/7602/1/mediterran_001_011-025.pdf
|z Dokumentum-elérés
|